Estatísticas para Países Com a Maior População com Menos de 15 Anos de Idade

Clique aqui para jogar o quiz

Estatísticas Gerais

  • Esse quiz foi jogado 2 098 vezes
  • A pontuação média é 12 de 20

Estatísticas das Respostas

%TotalPaís% Correto
2144 miBrasil
93%
18249 miChina
92%
1961 miEstados Unidos
90%
27364 miÍndia
90%
1826 miRússia
81%
2633 miMéxico
78%
4488 miNigéria
73%
2671 miIndonésia
69%
3434 miEgito
65%
4640 miR.D. Congo
62%
3576 miPaquistão
60%
2520 miIrão
52%
2744 miBangladesh
51%
4045 miEtiópia
48%
2420 miTurquia
45%
3033 miFilipinas
43%
2322 miVietname
38%
3921 miQuênia
35%
4425 miTanzânia
33%
4721 miUganda
27%

Distribuição das Pontuações

Percentil de Números Respondidos

Porcentagem de Pessoas com Cada Pontuação

Sua Pontuação Histórica

Você não jogou esse quiz